Delays to waste acceptance criteria (Record no. 71293)
[ view plain ]
| 000 -LEADER | |
|---|---|
| fixed length control field | 01643cam a2200265 4500 |
| 001 - CONTROL NUMBER | |
| control field | WB3836-21 |
| 008 - FIXED-LENGTH DATA ELEMENTS--GENERAL INFORMATION | |
| fixed length control field | 021003n2002 000 0 eng u |
| 035 ## - SYSTEM CONTROL NUMBER | |
| System control number | (Sirsi) u119978 |
| 245 ## - TITLE STATEMENT | |
| Title | Delays to waste acceptance criteria |
| 260 ## - PUBLICATION, DISTRIBUTION, ETC. | |
| Date of publication, distribution, etc. | 2002 |
| 490 ## - SERIES STATEMENT | |
| Series statement | Environment Agency Press Release |
| Volume/sequential designation | 17 September 2002 |
| 490 ## - SERIES STATEMENT | |
| Series statement | Environment Information Bulletin |
| Volume/sequential designation | (123) October 2002, 4&6 |
| 490 ## - SERIES STATEMENT | |
| Series statement | Environment, Food and Rural Affairs Committee |
| Volume/sequential designation | 50 26 July 2002, (5) |
| 520 ## - SUMMARY, ETC. | |
| Summary, etc. | The Environment Agency (EA) is consulting on national interim waste acceptance criteria under the landfill Directive. Responses are required by 15 November 2002; the consultation paper is available at http://www.environment-agency.gov.uk/yourenv/consultations/343078/?version=1&lang=_e. A report by the Environment, Food and Rural Affairs Select Committee identifies a lack of guidance and criteria for the disposal of waste, under-resourcingof the EA and the need for better quality data on hazardous waste generation and disposal as key concerns. The report can be seen at http://www.publications.parliament.uk/pq/cm2000102/cmselect/cmenvfru/919/919.pdf. |
| 590 ## - LOCAL NOTE (RLIN) | |
| Local note | WB |
| 650 ## - SUBJECT ADDED ENTRY--TOPICAL TERM | |
| Topical term or geographic name entry element | HAZARDOUS WASTE |
| 650 ## - SUBJECT ADDED ENTRY--TOPICAL TERM | |
| Topical term or geographic name entry element | WASTE DISPOSAL |
| 650 ## - SUBJECT ADDED ENTRY--TOPICAL TERM | |
| Topical term or geographic name entry element | WASTE ACCEPTANCE CRITERIA |
| 650 ## - SUBJECT ADDED ENTRY--TOPICAL TERM | |
| Topical term or geographic name entry element | LANDFILL DIRECTIVE |
| 650 ## - SUBJECT ADDED ENTRY--TOPICAL TERM | |
| Topical term or geographic name entry element | PUBLIC CONSULTATIONS |
| 690 ## - LOCAL SUBJECT ADDED ENTRY--TOPICAL TERM (OCLC, RLIN) | |
| Topical term or geographic name as entry element | ENVIRONMENTAL AND LAND CONSULTANCY-WASTE MANAGEMENT |
| 856 ## - ELECTRONIC LOCATION AND ACCESS | |
| Host name | http://www.environment-agency.gov.uk/news/353258?lang=_e®ion=National&projectstatus=&theme=&subject=Waste&searchfor=&topic=&area=&month= |
| 856 ## - ELECTRONIC LOCATION AND ACCESS | |
| Host name | http://www.parliament.uk/commons/selcom/efrapnt50.htm |
| 942 ## - ADDED ENTRY ELEMENTS (KOHA) | |
| Suppress in OPAC | 0 |
| Withdrawn status | Lost status | Source of classification or shelving scheme | Damaged status | Not for loan | Home library | Current library | Shelving location | Date acquired | Total Checkouts | Full call number | Barcode | Date last seen | Copy number | Price effective from | Koha item type |
|---|---|---|---|---|---|---|---|---|---|---|---|---|---|---|---|
| Dewey Decimal Classification | London | London | News article | 03/10/2002 | WB3836-21 | 119978-1001 | 06/08/2019 | 1 | 06/08/2019 | News article |